000 00633nam a22002057a 4500
005 20260602105429.0
010 _aENG-148690
020 _a9789395481472
_c300.00
035 _aEN-132222
037 _bDBAD
082 _aS
_21
100 _aPathak, Preeti
_989249
245 _aRaising/
_cPreeti Pathak
250 _a1
260 _bVishwakarma Publications
_c2023
_aMaharashtra
270 _a34A/1, Suyog Center, 7th floor, Gultekedi Marketyard Road, Giridhar Bhavan Chowk,
_e411037
_bPune
_minfo@vpindia.co.in
300 _a206p.
_c22cm (pb)
500 _aInspiring Stories of Growth & Resilience
942 _2ddc
_cEN
_hS
_mPAT
999 _c216443
_d216443